[Event "Regionalliga NW 0910"]
[Site "Bayern"]
[Date "2010.01.24"]
[Round "5.3"]
[White "Ziegler, Michael"]
[Black "Stauch, Edgar"]
[Result "1/2-1/2"]
[WhiteElo "2075"]
[BlackElo "2082"]
[PlyCount "76"]
[EventDate "2009.10.18"]
[EventType "team-tourn"]
[EventRounds "9"]
[EventCountry "GER"]
[SourceTitle "EXT 2011"]
[Source "ChessBase"]
[SourceDate "2010.11.26"]
[SourceVersion "1"]
[SourceVersionDate "2010.11.26"]
[SourceQuality "1"]
[WhiteTeam "Prichsenstadt"]
[BlackTeam "Kronach"]
[WhiteTeamCountry "GER"]
[BlackTeamCountry "GER"]

1. d4 Nf6 2. Nf3 g6 3. c4 Bg7 4. Nc3 0-0 5. e4 d6 6. Be2 e5 7. 0-0 Nbd7 8. Re1 Re8 9. Bf1 c6 10. d5 cxd5 11. cxd5 a6 12. Nd2 b5 13. b4 Qc7 14. Bb2 Nb6 15. a4 bxa4 16. Nxa4 Bd7 17. Nxb6 Qxb6 18. Nc4 Qb8 19. Qb3 Bh6 20. Bd3 Rc8 21. Na5 Bd2 22. Reb1 Nh5 23. Bc1 Rc3 24. Bxd2 Rxb3 25. Rxb3 Nf4 26. Bf1 Kg7 27. Rc1 Bb5 28. Bxf4 exf4 29. Nc6 Qb6 30. Ra3 Re8 31. Bxb5 axb5 32. Re1 Rc8 33. g3 fxg3 34. hxg3 h5 35. Kg2 h4 36. gxh4 Rh8 37. Rh1 Rh5 38. Rg3 Qc7 1/2-1/2

[Event "Karl Mala Memorial op 09th"]
[Site "Frankfurt"]
[Date "2005.07.31"]
[Round "6"]
[White "Reschke, Stefan"]
[Black "Ziegler, Michael"]
[Result "1-0"]
[WhiteElo "2346"]
[BlackElo "2149"]
[PlyCount "147"]
[EventDate "2005.07.28"]
[EventType "swiss"]
[EventRounds "7"]
[EventCountry "GER"]
[SourceTitle "EXT 2006"]
[Source "ChessBase"]
[SourceDate "2005.11.24"]
[SourceVersion "1"]
[SourceVersionDate "2005.11.24"]
[SourceQuality "1"]

1. Nf3 c5 2. g3 b6 3. Bg2 Bb7 4. 0-0 Nf6 5. c4 e6 6. b3 Be7 7. Bb2 0-0 8. e3 Qc7 9. Qe2 a6 10. Rd1 d6 11. Nc3 Nbd7 12. d4 cxd4 13. exd4 d5 14. Rac1 Qd8 15. Ne5 Bd6 16. Na4 Rc8 17. cxd5 Rxc1 18. Rxc1 exd5 19. Bh3 Re8 20. Bf5 Qe7 21. f4 b5 22. Nc3 Nb6 23. Bd3 Nfd7 24. Re1 Nf8 25. Nf3 Qxe2 26. Rxe2 Rxe2 27. Nxe2 f6 28. Nc1 g6 29. Nh4 Kf7 30. Kf2 Nfd7 31. f5 g5 32. Ng2 Bc8 33. Ne3 Nb8 34. Be2 Nc6 35. Bf3 Ne7 36. Bg4 Kg7 37. Nd3 h5 38. Bxh5 Nxf5 39. Bc3 Nxe3 40. Kxe3 Bd7 41. Ba5 Bc7 42. Nc5 Bc8 43. Bf3 Nc4+ 44. bxc4 Bxa5 45. Bxd5 bxc4 46. Bxc4 Bh3 47. Bxa6 f5 48. Bc4 Kf6 49. a4 Ke7 50. Nb3 Bb6 51. a5 Bc7 52. Kf2 Kd6 53. Ke3 Kc6 54. Kf2 Bb8 55. Ke3 Bg4 56. Nc5 Bc7 57. a6 Kb6 58. Nd7+ Ka7 59. Ne5 Bh3 60. Kf3 Kb6 61. Nf7 Bg4+ 62. Kf2 f4 63. Nxg5 fxg3+ 64. hxg3 Bc8 65. Nf3 Bxa6 66. Bxa6 Kxa6 67. Ne5 Kb6 68. Ke3 Bd6 69. Kf4 Kc7 70. Kf5 Be7 71. Ke6 Bf8 72. d5 Bb4 73. g4 Bd2 74. Nf7 1-0